Capital Cities: After 'H' Quiz Stats

 Plays Quiz Updated Jul 1, 2020

Support Sporcle.
Go Orange.
Score 0/11 Timer 05:00
0 Plays Today
Letter Combination Name of Capital City % Correct
HAHanoi
94.2%
HEAthens
85.5%
HINew Delhi
79.1%
HOStockholm
67.7%
HDBaghdad
63.5%
HKBishkek
53.2%
HNPhnom Penh
48.1%
HUMogadishu
42.3%
HRTehran
39.7%
HGAshgabat
31.1%
HMKathmandu
30.1%

You're not logged in!

Compare scores with friends on all Sporcle quizzes.
OR
Log In

From the Vault

Movie Twosomes

by LTH

This quiz is just like the Texas two-step, only with a lot less Texas and hardly any stepping.
Remove Ads.
Support Sporcle.
Get the best of Sporcle when you Go Orange. This ad-free experience offers more features, more stats, and more fun while also helping to support Sporcle. Thank you for becoming a member.

Show Comments

Extras

Top Quizzes Today


Score Distribution

Your Account Isn't Verified!

In order to create a playlist on Sporcle, you need to verify the email address you used during registration. Go to your Sporcle Settings to finish the process.

Report this User

Report this user for behavior that violates our Community Guidelines.

Details: